LEADER 01531nam a2200301 a 4500 001 000000126100 003 CaOOAMICUS 005 20110720100818.0 008 110720s2006 it d 000 u ita r 020 $a88-7839-075-5 040 $aPUL$bita 100 1 $aNguyen, Dinh Anh Nhue,$co.f.m.conv.,$d1970-$0(OLS)http://pul/name/68974 245 11$a"Figlio mio, se il tuo cuore é saggio" :$bstudio esegetico-teologico del discorso paterno in Pro 23,15-28 /$cDinh Anh Nhue Nguyen. 260 $aRoma :$bEditrice Pontificia Università Gregoriana,$c2006. 300 $a394 p. :$bgrafici ;$c23 cm 490 1 $aAnalecta Gregoriana. Series Facultatis Theologiae. Sectio B ;$vVol. 299 500 $aSul front.: Premio Bellarmino 2006. 500 $aInclude indici. 504 $aBibliografia p. [342]-369. 630 04$aBiblia.$pV.T.$pProverbia$xCommenti.$0(OLS)http://pul/subject/634 830 0$aAnalecta Gregoriana.$pSeries Facultatis Theologiae.$nSectio B ;$vVol. 299.$0(OLS)http://pul/title/184 850 $aPUL 852 $aPUL$W1$xSL Religione 2$y84$mTheol A1 299$j145260$qStampati Altre Collocazioni$B144285$CPULBib$Z2$F144285 $H117629 $82 941 1 $a10 996 $6020$a88-7839-075-5$9(OLS)http://pul/number/138149 996 $6245$a"Figlio mio, se il tuo cuore é saggio" :$bstudio esegetico-teologico del discorso paterno in Pro 23,15-28$9(OLS)http://pul/title/140841 996 $6260$aRoma :$bEditrice Pontificia Università Gregoriana$9(OLS)http://pul/publisher/51116 LEADER 01409nam a2200337 a 4500 001 000000126686 003 CaOOAMICUS 005 20111025131929.0 008 111025s2011 it u000 u ita r 020 $a978-88-420-9487-6 040 $aPUL$bita 041 1 $aita$heng 082 04$a337.1 100 1 $aRodrik, Dani.$0(OLS)http://pul/name/80764 240 10$aGlobalization paradox.$lItaliano.$0(OLS)http://pul/title/160017 245 13$aLa globalizzazione intelligente /$cDani Rodrik ; traduzione di Nicola Cafiero. 260 $aBari ; Roma :$bGius. Laterza & figli,$c2011. 300 $aXXIII, 380 p. ;$c21 cm 490 1 $aRobinson. Letture 500 $aContiene riferimenti bibliografici ed indice. 650 04$aGlobalizzazione.$0(OLS)http://pul/subject/38133 700 1 $aCafiero, Nicola.$0(OLS)http://pul/name/80765 830 2$aI Robinson.$pLetture.$0(OLS)http://pul/title/65836 850 $aPUL 852 $aPUL$W1$xSL Diritto e Scienze Sociali 3$y79$m337. 1 RODDA 1$j146471$qDDC 21$B145178$CPULBib$Z2$F145178 $H118201 $82 941 1 $a9 996 $6020$a978-88-420-9487-6$9(OLS)http://pul/number/148241 996 $6082$a337.1$9(OLS)http://pul/classification/696 996 $6245$aLa globalizzazione intelligente$9(OLS)http://pul/title/160018 996 $6260$aBari ; Roma :$bGius. Laterza & figli$9(OLS)http://pul/publisher/81307